00634nam a22001937a 450000500170000001000150001702000260003203500140005803700130007208200160008510000180010124500990011925000090021826000440022727000770027130000250034850000510037370000160042420201017152146.0 aENG-127937 a9789352807192c895.00 aEN-111469 bDBAD/PUB a339.5091724 aVasudevan, A. aMacroeconomic Policies for Emerging and Developing Economies/cby A. Vasudevan and Partha Ray a2019 aNew DelhibSage Publication Indiac2019 aB1/1-1 Mohan Cooperative Industrial Area Mathura RoadbNew Delhie110044 axxiv;220p.c22cm(hb) aincludes bibliographical references and index  aRay, Partha